000 00201nam a2200085Ia 4500
008 170620s9999 xx 000 0 und d
100 _aDR. DEEPASHREE
245 0 _aGENERAL ECONOMICS
260 _b"NEW DELHI
260 _cMC GRAW HILL"
999 _c29643
_d29643